00380nam a2200145Ia 4500008004100000020001500041041001200056100001800068245006000086250000900146260004000155300000800195650001500203700001600218221030s9999 xx 000 0 und d a8131760932 aEnglish aS. P. Robbins 0aOrganisational Behaviourcby S. P. Robbins, T. A. Judge a14th bPearson EducationaNew Delhic2012 a623 aManagement aT. A. Judge